| Tag |
First Indicator |
Second Indicator |
Subfields |
| LEADER |
00000cam a2200000 a 4500 |
| 001 |
in00001355439 |
| 005 |
20151006062008.0 |
| 008 |
970130s1996 enka f 001 0 eng |
| 010 |
|
|
|a 97110309
|
| 020 |
|
|
|a 0750625635
|
| 035 |
|
|
|a (OCoLC)36289546
|
| 035 |
|
|
|9 AHG5563AM
|
| 040 |
|
|
|a DLC
|c DLC
|d VTC
|d TXA
|d UtOrBLW
|
| 049 |
|
|
|a TXAM
|
| 050 |
0 |
0 |
|a TS156.6
|b .H69 1996
|
| 092 |
|
|
|a 658.562
|b H85is
|
| 100 |
1 |
|
|a Hoyle, David.
|
| 245 |
1 |
0 |
|a ISO 9000 quality system assessment handbook /
|c David Hoyle.
|
| 264 |
|
1 |
|a Oxford ;
|a Boston :
|b Butterworth Heinemann,
|c 1996.
|
| 300 |
|
|
|a xii, 348 :
|b illustrations ;
|c 24 cm.
|
| 336 |
|
|
|a text
|b txt
|2 rdacontent
|
| 337 |
|
|
|a unmediated
|b n
|2 rdamedia
|
| 338 |
|
|
|a volume
|b nc
|2 rdacarrier
|
| 500 |
|
|
|a Includes index.
|
| 650 |
|
0 |
|a ISO 9000 Series Standards
|x Handbooks, manuals, etc.
|
| 650 |
|
0 |
|a Quality control
|x Auditing
|x Handbooks, manuals, etc.
|
| 999 |
|
|
|a MARS
|
| 999 |
f |
f |
|s 40904f63-317f-30a0-b2bb-052b3e1b9d27
|i 92609fb7-f3ee-315a-b8ec-7aeedf8f8a45
|t 0
|
| 952 |
f |
f |
|p ric
|a Texas A&M University
|b Rellis Campus
|c Joint Library Facility
|d Remote Storage
|t 0
|e TS156.6 .H69 1996
|h Library of Congress classification
|i unmediated -- volume
|m A14821052687
|
| 998 |
f |
f |
|a TS156.6 .H69 1996
|t 0
|l Remote Storage
|